000 00357cam a2200145ua 4500
041 _amal
_h
082 _a894.8122
_bSAN/IR
100 _aSankara Kurup, .
245 _aIruttinu Munpu /
_cSankara Kurup.
_hTextual Documents
260 _aKottayam :
_bNational Book Stall ,
_c1957.
300 _a32 ; .
504 _a
942 _cBK
999 _c3851
_d3851